Statistics for Most Expensive Football Transfers - 2021/22

Click here to take the quiz!

General Stats

  • This quiz has been taken 95 times
  • The average score is 19 of 25

Answer Stats

FromToFeePlayer% Correct
Aston VillaManchester City£105.75mJack Grealish
99%
Inter MilanChelsea£103.50mRomelu Lukaku
99%
Borussia DortmundManchester United£76.50mJadon Sancho
98%
Real MadridManchester United£36.00mRaphaël Varane
93%
Inter MilanParis Saint-Germain£54.00mAchraf Hakimi
90%
ChelseaRoma£36.00mTammy Abraham
88%
BrightonArsenal£52.65mBen White
85%
Stade RennaisReal Madrid£27.90mEduardo Camavinga
85%
RB LeipzigLiverpool£36.00mIbrahima Konaté
85%
RB LeipzigBayern Munich£38.25mDayot Upamecano
81%
Real MadridArsenal£31.50mMartin Ødegaard
81%
Manchester UnitedLeeds United£26.19mDaniel James
74%
PSV EindhovenBorussia Dortmund£27.00mDonyell Malen
74%
SouthamptonAston Villa£26.48mDanny Ings
73%
ChelseaWest Ham United£31.50mKurt Zouma
73%
Bayer LeverkusenAston Villa£28.80mLeon Bailey
70%
UdineseAtletico Madrid£31.50mRodrigo de Paul
69%
Sheffield UnitedArsenal£25.20mAaron Ramsdale
68%
RB SalzburgLeicester City£27.00mPatson Daka
65%
Norwich CityAston Villa£34.56mEmiliano Buendía
64%
ChelseaAC Milan£26.28mFikayo Tomori
63%
SevillaTottenham Hotspur£22.50mBryan Gil
62%
ArsenalNewcastle United£26.46mJoe Willock
60%
Hertha BSCAtletico Madrid£27.00mMatheus Cunha
54%
CSKA MoscowWest Ham United£27.00mNikola Vlasic
46%

Score Distribution

Percentile by Number Answered

Percent of People with Each Score

Your Score History

You have not taken this quiz